000 04411nam a22002057a 4500
003 OSt
005 20190918122000.0
008 180308b xxu||||| |||| 00| 0 spa d
020 _a9789870335801
040 _cPJ
100 _918
_aCassagne, Juan Carlos
245 1 0 _aCurso de derecho administrativo /
_cJuan Carlos Cassagne.
_nTomo I.
250 _a12a. ed.
260 _aCiudad Autónoma de Buenos Aires :
_bThomson Reuters La Ley,
_c2018.
300 _axxx, 868 p.
_c24 cm.
500 _aEn los dos volúmenes que componen esta 12ª edición del Curso de Derecho Administrativo se abordan prácticamente todos los temas de la parte general del Derecho Administrativo, con un enfoque realista y moderno que incorpora, por tanto, las novedades ocurridas en los últimos años. En esta se expone de una manera ordenada y orgánica la teoría del Derecho Administrativo y sus principios e instituciones básicas partiendo del Estado y la Administración Pública, con sus diversos órganos y entes, las fuentes del derecho público, así como el estudio del acto y contrato administrativo, la responsabilidad del Estado, la actividad de gravamen, los actos favorables y el contencioso administrativo, entre otras instituciones. Todo ello sobre la base de las nuevas tendencias que han introducido modificaciones a los clásicos conceptos del derecho administrativo manejados por la doctrina y jurisprudencia nacional y comparada. En esta nueva edición, además, el análisis doctrinario y jurisprudencial sobre el Nuevo Constitucionalismo con el aporte de los más autorizados exponentes del la Filosofía del Derecho y, particularmente, su relación con los principios generales del Derecho Público.
505 _aContenidos. v 1: TÍTULO PRIMERO - INTRODUCCIÓN Capítulo I - El Estado y el orden jurídico (normatividad, realidad y justicia) - Capítulo II - Las funciones estatales -Capítulo III - El contenido y las bases del derecho administrativo - Capítulo IV - La estructura del ordenamiento jurídico - Capítulo V - Relaciones del derecho administrativo. Los métodos de interpretación y aplicación del derecho - Capítulo VI - Las fuentes del derecho administrativo - TÍTULO SEGUNDO - LA ORGANIZACIÓN DEL ESTADO Y LAS EMPRESAS PÚBLICAS - Capítulo I - Órganos y sujetos específicos - Capítulo II - Principios jurídicos de la organización administrativa - Capítulo III - La Administración Central - Capítulo IV - Entidades descentralizadas y empresas públicas - Capítulo V - Entidades autárquicas - Capítulo VI - Los nuevos entes reguladores - Capítulo VII - Las empresas del Estado - Capítulo VIII - Otras formas de intervención y participación estatal - Capítulo IX - La administración de las provincias y municipios (1). El régimen de la Ciudad de Buenos Aires. Las regiones - TÍTULO TERCERO - RESPONSABILIDAD DEL ESTADO Y DE LOS AGENTES PÚBLICOS Capítulo I - Teoría general de la responsabilidad del Estado Capítulo II - La responsabilidad extracontractual del Estado en el campo del derecho administrativo - Capítulo III - Situaciones especiales determinantes de la responsabilidad estatal - Capítulo IV - La responsabilidad de los agentes públicos - Capítulo V - Las grandes líneas de la evolución de la responsabilidad patrimonial del Estado en la jurisprudencia de la Corte Suprema TÍTULO CUARTO - LA ACTUACIÓN ESTATAL REGULADA POR EL DERECHO ADMINISTRATIVO - Capítulo I - Caracterización jurídica de la actividad administrativa (de la Administración Pública y de los órganos legislativos y judiciales) Capítulo II - Las potestades y situaciones jurídicas subjetivas Capítulo III - La teoría del acto administrativo - Capítulo IV - Los actos de la administración - Capítulo V - Las cuestiones políticas y su judicialización - TÍTULO QUINTO - EL RÉGIMEN JURÍDICO DEL ACTO ADMINISTRATIVO - Capítulo I - Los elementos del acto administrativo - Capítulo II - El carácter regulado o discrecional del acto administrativo - Capítulo III - El sistema general de la invalidez administrativa -Capítulo IV - Saneamiento o convalidación - Capítulo V - Las prerrogativas de poder público en el acto administrativo - Capítulo VI - Extinción del acto administrativo - Capítulo VII - El régimen de los actos de las Empresas Públicas.
650 0 _9211
_aDERECHO ADMINISTRATIVO
942 _cLIB
_2udc
_h342.9
_iCAS
999 _c3340
_d3340